A consultation paper on effectuation of fundamental duties of citizens (Record no. 485069)

000 -LEADER
fixed length control field 00699cam a22001697a 4500
008 - FIXED-LENGTH DATA ELEMENTS--GENERAL INFORMATION
fixed length control field 180718b2001 xxu||||| |||| 00| 0 eng d
082 ## - DEWEY DECIMAL CLASSIFICATION NUMBER
Classification number A41x54 CP/E
100 ## - MAIN ENTRY--PERSONAL NAME
Personal name India. Effectuation of fundamental duties of citizens
245 ## - TITLE STATEMENT
Title A consultation paper on effectuation of fundamental duties of citizens
Statement of responsibility, etc. by National Commission to Review the Working of the Constitution
260 ## - PUBLICATION, DISTRIBUTION, ETC.
Place of publication, distribution, etc. New Delhi
Name of publisher, distributor, etc. National Commission to Review the Working of the Constitution
Date of publication, distribution, etc. 2001
300 ## - PHYSICAL DESCRIPTION
Extent 57p
500 ## - GENERAL NOTE
General note Chairman: K.B. Lall
650 ## - SUBJECT ADDED ENTRY--TOPICAL TERM
Topical term or geographic name entry element Citizenship
650 ## - SUBJECT ADDED ENTRY--TOPICAL TERM
Topical term or geographic name entry element Constitutions - India
700 ## - ADDED ENTRY--PERSONAL NAME
Personal name Lall, K.B.(Chairman)
700 ## - ADDED ENTRY--PERSONAL NAME
Personal name India. National Commission to Review the Working of the Constitution
Holdings
Withdrawn status Lost status Damaged status Not for loan Permanent Location Current Location Date acquired Full call number Barcode Date last seen Price effective from Koha item type
        Indian Institute of Public Administration Indian Institute of Public Administration 2018-08-04 A41x54 CP/E GG29276 2018-08-04 2018-08-04 GG

Powered by Koha